000 00874cab a2200253 4500
001 ABS48758
008 090401t1993 xxu||||| |||| 00| 0 eng d
035 _a(Sirsi) u68434
041 _aeng
245 _aRoadbuilding
260 _c1993
350 _a0
490 _aContract Journal
_v368(5929) 17 Jue 1993, 13-20(8)
520 _aFeatures Government plans for setting up an agency to deal with road building, includes a league table of road builders, design and build contracts, discusses the controversial Twyford Down M3 extension scheme concluding with a discussion on the use of polymer modified bitumens.
650 _aDESIGN AND BUILD
650 _aLEAGUE TABLE
650 _aROAD CONTRACTORS
650 _aROADBUILDING
650 _aROADS PROGRAMME
650 _aTWYFORD DOWN
690 _aBUILT ENVIRONMENT
942 _n0
948 _c04/03/1997
999 _c42938
_d42938